Гл. 4: Электрические и магнитные свойства облученных кристаллов; Изменение физических свойств ионных структур под действием излучений

Bibliographic Details
Parent link:Изменение физических свойств ионных структур под действием излучений: черновик/ А. А. Воробьев, Б. В. Будылин. Гл. 4: Электрические и магнитные свойства облученных кристаллов.— : [Б. и.], 1961
Language:Russian
Published: 1961
Subjects:
Format: Book
KOHA link:https://koha.lib.tpu.ru/cgi-bin/koha/opac-detail.pl?biblionumber=164750

MARC

LEADER 00000nbm2a2200000 4500
001 164750
005 20231031161444.0
035 |a (RuTPU)RU\TPU\book\178744 
035 |a RU\TPU\book\178736 
090 |a 164750 
100 |a 20090910d1961 k y0rusy50 ca 
101 0 |a rus 
102 |a RU 
105 |a a z 001zy 
200 0 |a Гл. 4: Электрические и магнитные свойства облученных кристаллов 
210 |d 1961 
215 |a 167 л.  |c ил. 
320 |a Библиография в конце параграфов. 
461 1 |0 (RuTPU)RU\TPU\book\178737  |t Изменение физических свойств ионных структур под действием излучений  |o черновик  |f А. А. Воробьев, Б. В. Будылин  |v Гл. 4: Электрические и магнитные свойства облученных кристаллов  |n [Б. и.]  |d 1961 
610 1 |a ядерная физика 
610 1 |a облученные кристаллы 
610 1 |a электрические свойства 
610 1 |a магнитные свойства 
610 1 |a черновики 
610 1 |a труды учёных ТПУ 
675 |a 539.16.08  |v 3 
675 |a 539.17  |v 3 
801 1 |a RU  |b 63413507  |c 20090910 
801 2 |a RU  |b 63413507  |c 20091216  |g RCR 
942 |c BK